| 000 | 00798nam a2200253 i 4500 | ||
|---|---|---|---|
| 001 | 142595 | ||
| 003 | ES-MaACL | ||
| 005 | 20250819063103.0 | ||
| 007 | t| | ||
| 008 | 071009s1973 sp ||||1| spa d | ||
| 080 | _a141.82 | ||
| 080 | _a930.2 | ||
| 100 | 1 |
_aVilar, Pierre, _d1906-2003 _9114800 |
|
| 245 | 1 | 0 |
_aHistoria marxista, historia en formación / _cPierre Vilar ; [traducción Antoni Doménech]. |
| 260 |
_a[Barcelona] : _bAnagrama, _c[1973] |
||
| 300 |
_a104 p. ; _c18 cm. |
||
| 490 | 1 |
_aCuadernos Anagrama ; _v69 |
|
| 650 | 1 | 4 |
_aHistoria- _xMetodología. _913381 |
| 650 | 4 |
_aMaterialismo histórico. _914850 |
|
| 700 | 1 |
_aDomènech, Antoni. _945072 |
|
| 830 | 0 |
_aCuadernos Anagrama ; _v69 _9181159 |
|
| 852 |
_aES-MaACL _jA-10268 _bR.99473 |
||
| 999 |
_c142595 _d142595 |
||